000
00346nam a2200133Ia 4500
008
100328s9999 xx 000 0 und d
082
_b
66648
100
_a
भागवत माुराणी.
245
_a
फुलोरा.
260
_b
पायल.
630
_a
फुलोरा.
730
_a
फुलोरा.
942
_c
BOOK
999
_c
552387
_d
552384